Ekonomika a organizácia práce zbierka príkladov

Salvato in:
Dettagli Bibliografici
Autore principale: Stračárová, Eva
Ente Autore: Vysoká škola ekonomická v Bratislave. Fakulta ekonomiky a riadenia výrobných odvetví
Natura: Libro
Lingua:slovacco
Pubblicazione: Bratislava Vysoká škola ekonomická 1984
Tags: Aggiungi Tag
Nessun Tag, puoi essere il primo ad aggiungerne!!

MARC

LEADER 00000nam a2200000 4500
001 c115622
005 20181116140528.7
041 0 |a slo 
044 |a SK 
245 1 0 |a Ekonomika a organizácia práce  |b zbierka príkladov  |c Eva Stračárová a kol. 
264 1 |a Bratislava  |b Vysoká škola ekonomická  |c 1984 
300 |a 210 s. 
100 1 |a Stračárová, Eva 
710 2 |a Vysoká škola ekonomická v Bratislave. Fakulta ekonomiky a riadenia výrobných odvetví